000 00347nam a2200133Ia 4500
005 20260326235452.0
008 260326s9999||||xx |||||||||||||| ||und||
100 _aHunter, C. Bruce
245 2 _aA Guide to Ancient Mexican ruins /
_cC. Bruce Hunter
260 _bOklahoma
300 _a261 p.
650 _aARQUITECTURA MESOAMÉRICANA
942 _cBK
999 _c7817
_d7817